Entry Personal Name
Number of records used in: 2
001 - CONTROL NUMBER
003 - CONTROL NUMBER IDENTIFIER
005 - DATE AND TIME OF LATEST TRANSACTION
- control field:
20231214120723.0
008 - FIXED-LENGTH DATA ELEMENTS
- fixed length control field:
860814n| acannaab| |a aaa |||
010 ## - LIBRARY OF CONGRESS CONTROL NUMBER
- LC control number:
n 85350836
- Canceled/invalid LC control number:
no 95054192
040 ## - CATALOGING SOURCE
- Original cataloging agency:
DLC
- Transcribing agency:
DLC
- Modifying agency:
DLC
100 10 - HEADING--PERSONAL NAME
- Personal name:
Roy, D. K.
400 10 - SEE FROM TRACING--PERSONAL NAME
- Personal name:
Roy, Dilip Kumar,
- Dates associated with a name:
1939-
670 ## - SOURCE DATA FOUND
- Source citation:
His Quantum mechanical tunnelling and its applications, c1986:
- Information found:
CIP t.p. (D.K. Roy; Dept. of Physics, Indian Inst. of Tech., Delhi; resident visitor, AT&T Bell Lab., NJ)
670 ## - SOURCE DATA FOUND
- Source citation:
Tunnelling and negative resistance phenomena in semiconductors, 1977:
- Information found:
t.p. (D.K. Roy)
670 ## - SOURCE DATA FOUND
- Source citation:
LC database, 11/3/95
- Information found:
(hdg.: Roy, Dilip Kumar, 1939 (June 20)- ; usage: D.K. Roy)